| 000 | 00673cam a2200217 u 4500 | ||
|---|---|---|---|
| 005 | 20230808063546.0 | ||
| 008 | 190222s2013 mx r 000 0 spa d | ||
| 035 | _aUPN01000229236 | ||
| 040 |
_aMX-MxUPN _bspa _cMX-MxUPN |
||
| 049 | _aLTG | ||
| 050 | 4 |
_aLB2892 _bG8.4 |
|
| 245 | 0 | 0 |
_aGuía para el consejo técnico escolar : _bescuelas de tiempo completo : educación primaria. |
| 260 |
_aMéxico : _bSEP, _c[2013?]. |
||
| 300 |
_a15 p. : _bcuadros |
||
| 500 | _aDatos tomados de la cubierta | ||
| 650 | 4 |
_aEscuelas _xDirección y organización _zMéxico _911302 |
|
| 650 | 2 |
_aConsejos escolares _91718 |
|
| 905 | _aLibro | ||
| 942 |
_2lcc _cLIBRO |
||
| 999 |
_c201331 _d201331 |
||